000
00255nam a22001097a 4500
082
_a
621.67LOB
100
_a
Lobanoff
245
_a
Centrifugal pumps: design and application
260
_a
Tokyo
_b
Gulf professional pub
_c
1986
300
_a
374p
942
_c
BK
999
_c
14879
_d
14879